01480nam a2200277 a 4500001001000000005001700010008004100027041000800068044000700076084002000083100004500103245009500148260002600243300007500269440004200344500023200386500006700618500020800685500001000893650005200903650005600955650003401011650004501045700006201090740005001152BRCA_250020190320203835.0241108s1855----fr-#---###---#000-0dspa-u aspa afr a141b.B39c18551 aCervantes Saavedra, Miguel ded1547-161610aEl Ingenioso Hidalgo Don Quijote de la Manchaccompuesto por Miguel de Cervantes Saavedra. aParísbBaudryc1855 a1 v. (en varias paginaciones)c22 cm.e1 carta facsímil de Cervantes 0aObras de Miguel de Cervantes Saavedra aContenido : Primera parte. Retrato de Cervantes. Vida de Cervantes por M. F. de Navarrete. Dedicatoria del autor. prólogo del autor. Versos preliminares. Texto. Segunda parte. Dedicatoria del autor. prólogo del autor. texto aEdición : Con la vida de Cervantes por D. M. F. de Navarrete aCopia de la edición de 1845, del mismo editor. Buena impresión. Piel; lomos y planos decorados con florones dorados. Hermoso ejemplar. Forma parte de Obras de M. de Cervantes, tomo I Lúdovik Osterc aQM12614aNovela españolayÉpoca clásica, 1500-170014aLiteratura españolayÉpoca clásica, 1500-170014aNovela españolaySiglo XVII14aDon Quijote (Personaje ficticio)eNovela1 aFernández de Navarrete, Martínd1765-1844eBiógrafo0 aEl Ingenioso Hidalgo Don Quijote de la Mancha